| Tag |
First Indicator |
Second Indicator |
Subfields |
| LEADER |
00000cam a2200000 4500 |
| 001 |
in00003878921 |
| 005 |
20190415192708.0 |
| 006 |
m o d |
| 007 |
cr |n||||||||n |
| 008 |
810619s1728 xxu|||| o 00| | eng c |
| 035 |
|
|
|a (CU-RivES)W22459
|
| 035 |
|
|
|a (Uk-ES)006440543
|
| 035 |
|
|
|a (OCoLC)511112573
|
| 040 |
|
|
|a MWA
|c MWA
|d Uk-ES
|d CStRLIN
|d Cengage Gale
|d UtOrBLW
|
| 050 |
|
4 |
|a Z1215
|b .A447 1728
|
| 100 |
1 |
|
|a Ames, Nathaniel,
|d 1708-1764.
|0 http://id.loc.gov/authorities/names/n85017712
|
| 245 |
1 |
3 |
|a An astronomical diary :
|b or An almanack for the year of our Lord Christ, 1729. ... Calculated for the meridian of Boston, N.E. whose latitude is 42 deg. 25 min. north. By Nathaniel Ames Jun. student in physick & astronomy. [Seven lines of verse].
|
| 264 |
|
3 |
|a Boston :
|b Printed by B. Green, and sold at the booksellers shops,
|c 1729 [id est, 1728?]
|
| 300 |
|
|
|a 1 online resource (16 unnumbered pages) :
|b illustrations ;
|
| 336 |
|
|
|a text
|b txt
|2 rdacontent
|
| 337 |
|
|
|a computer
|b c
|2 rdamedia
|
| 338 |
|
|
|a online resource
|b cr
|2 rdacarrier
|
| 500 |
|
|
|a The Anatomy is the only illustration.
|
| 509 |
|
|
|a Signatures: [A]⁸
|
| 510 |
4 |
|
|a Evans,
|c 2984
|
| 510 |
4 |
|
|a Drake, M. Almanacs,
|c 3027
|
| 510 |
4 |
|
|a English Short Title Catalog,
|c W22459.
|
| 500 |
|
|
|a Reproduction of original from British Library.
|
| 500 |
|
|
|a Electronic resource.
|
| 655 |
|
7 |
|a Electronic books.
|2 local
|
| 655 |
|
7 |
|a Almanacs.
|2 rbgenr
|
| 655 |
|
7 |
|a Almanacs
|z Massachusetts
|y 1729.
|2 rbgenr
|
| 700 |
1 |
|
|a Green, Bartholomew,
|d 1667-1732,
|e printer.
|0 http://id.loc.gov/authorities/names/n85121766
|
| 710 |
2 |
|
|a Gale (Firm)
|0 http://id.loc.gov/authorities/names/no2008071348
|
| 752 |
|
|
|a United States
|b Massachusetts
|d Boston.
|
| 856 |
4 |
0 |
|u http://proxy.library.tamu.edu/login?url=http://find.galegroup.com/ecco/infomark.do?contentSet=ECCOArticles&docType=ECCOArticles&bookId=1714800100&type=getFullCitation&tabID=T001&prodId=ECCO&docLevel=TEXT_GRAPHICS&version=1.0&source=library&userGroupName=txshracd2898
|z Connect to the full text of this electronic book
|t 0
|
| 999 |
f |
f |
|s 3cd76068-55f0-3285-ac8d-e0c598c1f5b1
|i 8485d451-9cfd-318e-845a-7967118d5750
|t 0
|
| 952 |
f |
f |
|a Texas A&M University
|b College Station
|c Electronic Resources
|d Available Online
|t 0
|e Z1215 .A447 1728
|h Library of Congress classification
|
| 998 |
f |
f |
|a Z1215 .A447 1728
|t 0
|l Available Online
|